| 000 | 00799nam a22003250a 4500 | ||
|---|---|---|---|
| 001 | PT32272 | ||
| 003 | AR-LpoUNG | ||
| 005 | 20210131225925.0 | ||
| 008 | 191001s1994||||ag |||||||||||||||||spa d | ||
| 020 |
_a9879049217 _c$6.5 |
||
| 040 |
_aAR-LpoUNG _bspa _cAR-LpoUNG _eaacr |
||
| 041 | _aspa | ||
| 044 | _aag | ||
| 082 | 0 | _aA863 864gra | |
| 100 | 1 | _aLópez, Lucio Vicente | |
| 245 | 1 | 3 | _aLa gran aldea |
| 250 | _a1ra. ed. | ||
| 260 |
_aBuenos Aires : _bNuevo Siglo, _c1994. |
||
| 300 |
_a190 p. : _btbls. |
||
| 650 | 4 | _aARGENTINA | |
| 650 | 4 | _aASPECTOS POLITICOS | |
| 650 | 4 | _aASPECTOS SOCIALES | |
| 650 | 4 | _aCONDICIONES SOCIALES | |
| 650 | 4 | _aLITERATURA | |
| 650 | 4 | _aTRABAJADORES | |
| 651 | 4 | _aArgentina | |
| 700 | 1 |
_aCugajo, Martín _epról. |
|
| 905 | _a32272 | ||
| 942 | _cLIB | ||
| 999 |
_c550 _d550 |
||